000 00388nam a2200145Ia 4500
008 220204s9999 xx 000 0 und d
020 _a0870555286
082 _a575:631.52
_bPLA.4
100 _aJanick, Jules
245 0 _aPlant breeding reviews. Vol. 4
260 _aUSA
_bAVI Publishing Company
_c1986
650 _aCrop improvement
650 _aOil palm tissue culture
942 _cBK
999 _c42651
_d42651